000 00394nam a2200169Ia 4500
008 230711s9999||||xx |||||||||||||| ||und||
020 _a978-81-317-5891-5
041 _aENG
082 _a531
_bGO-C
100 _aGoldstein,Herbert
245 0 _aClassical mechanics
250 _a3rd Ed.
260 _c2017
_aNew Delhi
_bPearson
650 _aPhysics
700 _aPoole,Charles P
942 _cBK
999 _c551
_d551